| 000 | 00416nam a22001457a 4500 | ||
|---|---|---|---|
| 005 | 20150217104053.0 | ||
| 008 | 150217b xxu||||| |||| 00| 0 eng d | ||
| 040 | _cPK-LaUMT | ||
| 082 |
_aKHC 297.814 _bABD-T |
||
| 100 | _aعبدالعظیم | ||
| 245 |
_aتحریک پاکستان اور اہلحدیث _cعبدالعظیم |
||
| 260 |
_aلاہور _bمکتبہ قدوسیہ _c2000 |
||
| 300 | _a80 ص | ||
| 942 | _cBK | ||
| 999 |
_c66310 _d66310 |
||